00890nam a2200193 a 450000100100000000500170001000800410002704000250006808200150009310000270010824501690013526000340030430000260033850400730036459000260043770000300046395201860049399900170067900003443920200930073711.0111004s1974 mx 000 0 spa d aDO-SdBNPbspacBNPHU axxxxbxxxx1 aPané, Ramón95521210aRelación acerca de las antigüedades de los Indios :bel primer tratado escrito en América /cFray Ramón Pané ; notas, mapa y apéndice José Juan Arrom. aMéxico :bSiglo xxi,c1974. avii, 125 p. ;c19 cm. aIncluye referencias bibliográficas y notas al pie de las páginas aInventariado, 2019/BT1 aArrom, José Juan938701 001050718MOaGRbGRcHDd2011-10-04iLF1l0oxxxx xxxxp34439-10r2020-06-25w2020-06-25y1zPerteneció a la biblioteca personal de Aída Cartagena PortalatínZNo se presta c33930d33930